000
00321nam a22001457a 4500
008
210226b ||||| |||| 00| 0 eng d
020
_a
0834201917
041
_a
eng
080
_a
610.73
082
_a
610.73
100
_a
1
101
_a
INF
245
_a
Community Health Analysis
_c
G.E.Alan Dever
942
_2
udc
_c
BK
999
_c
55249
_d
55249